Loading...
| History - World History | 3 | 6 | 2 | 3 | 95 | 48 | 89.22 | 5 | 9 |
| History - Other History | 3 | 5 | 1 | 1 | 90 | 33 | 80.13 | 3 | 8 |
| Mythology | 1 | 3 | 1 | 1 | 40 | 47 | 109.75 | 1 | 3 |
| History - American History | 0 | 4 | 0 | 2 | 40 | 76 | 112.25 | 1 | 4 |
| Literature - European Literature | 2 | 1 | 0 | 1 | 40 | 37 | 80.67 | 3 | 3 |
| Philosophy | 0 | 4 | 1 | 1 | 35 | 99 | 115.75 | 1 | 3 |
| Religion | 0 | 4 | 2 | 0 | 30 | 68 | 98.50 | 2 | 4 |
| History - European History | 0 | 4 | 2 | 0 | 30 | 76 | 86.50 | 3 | 4 |
| Fine Arts - Other Fine Arts | 0 | 3 | 1 | 1 | 25 | 98 | 128.67 | 1 | 2 |
| Social Science | 0 | 2 | 1 | 2 | 15 | 115 | 120.50 | 1 | 1 |
| Science - Biology | 0 | 1 | 0 | 1 | 10 | 88 | 88.00 | 1 | 1 |
| Mythology- Edited | 0 | 1 | 0 | 0 | 10 | 114 | 114.00 | 0 | 1 |
| Other Academic | 0 | 1 | 0 | 0 | 10 | 94 | 94.00 | 1 | 1 |
| Current Events | 0 | 1 | 0 | 0 | 10 | 70 | 70.00 | 1 | 1 |
| Geography | 0 | 1 | 0 | 0 | 10 | 72 | 72.00 | 1 | 1 |
| Literature - American Literature | 0 | 0 | 0 | 0 | 0 | 0.00 | 0 | 0 | |
| Literature - World Literature | 0 | 0 | 1 | 0 | -5 | 0.00 | 0 | 0 |